<The> Application of Statistical Methods to Industrial Standardization and Quality Control

Gespeichert in:
Bibliographische Detailangaben
1. Verfasser: Pearson, E.S
Format: Buch
Sprache:Englisch
Veröffentlicht: London British Standards Institution 1960
Ausgabe:1. ed.
Tags: Tag hinzufügen
Keine Tags, Fügen Sie das erste Tag hinzu!

MARC

LEADER 00000nam a2200000 4500
001 c023762
005 20221207071458.4
041 0 |a eng 
044 |a GB 
245 1 0 |a <The> Application of Statistical Methods to Industrial Standardization and Quality Control  |c E.S. Pearson 
250 |a 1. ed. 
264 1 |a London  |b British Standards Institution  |c 1960 
300 |a 152 s. 
100 1 |a Pearson, E.S.